सनास्कृति एवं साहित्य के प्रहरी / (Record no. 111885)

MARC details
000 -LEADER
fixed length control field 01160nam a22002777a 4500
003 - CONTROL NUMBER IDENTIFIER
control field dpl
005 - DATE AND TIME OF LATEST TRANSACTION
control field 20190220121755.0
008 - FIXED-LENGTH DATA ELEMENTS--GENERAL INFORMATION
fixed length control field 190129b ||||| |||| 00| 0 eng d
010 ## - LIBRARY OF CONGRESS CONTROL NUMBER
LC control number A-703056
020 ## - INTERNATIONAL STANDARD BOOK NUMBER
Terms of availability 75.00
International Standard Book Number 8173150907
035 ## - SYSTEM CONTROL NUMBER
System control number A-703056, A-756711, A-703067
037 ## - SOURCE OF ACQUISITION
Source of stock number/acquisition Cen Lib/Ret
040 ## - CATALOGING SOURCE
Original cataloging agency DPL
Language of cataloging HN
Transcribing agency 0
082 ## - DEWEY DECIMAL CLASSIFICATION NUMBER
Classification number 820.8
Item number विजये
100 ## - MAIN ENTRY--PERSONAL NAME
Personal name विजयेन्द्र स्नातक
9 (RLIN) 5721
245 ## - TITLE STATEMENT
Title सनास्कृति एवं साहित्य के प्रहरी /
Statement of responsibility, etc विजयेन्द्र स्नातक
246 ## - VARYING FORM OF TITLE
Title proper/short title sanaskriti evam sahitya ke prahari /
Remainder of title by Vijayendra Snatak
260 ## - PUBLICATION, DISTRIBUTION, ETC. (IMPRINT)
Place of publication, distribution, etc दिल्ली
Name of publisher, distributor, etc प्रभात प्रकाशन
Date of publication, distribution, etc 1994
270 ## - ADDRESS
Address चवरी बजार
City दिल्ली
Postal code 110006
300 ## - PHYSICAL DESCRIPTION
Extent 110पृ.
Dimensions 19सेमी (सजिल्द)
650 ## - SUBJECT ADDED ENTRY--TOPICAL TERM
Topical term or geographic name as entry element हिन्दी साहित्य
9 (RLIN) 44904
650 ## - SUBJECT ADDED ENTRY--TOPICAL TERM
Topical term or geographic name as entry element भारतीय संस्कृति
9 (RLIN) 44905
650 ## - SUBJECT ADDED ENTRY--TOPICAL TERM
Topical term or geographic name as entry element Hindi literature
9 (RLIN) 44906
650 ## - SUBJECT ADDED ENTRY--TOPICAL TERM
Topical term or geographic name as entry element Indian Culture
9 (RLIN) 3853
942 ## - ADDED ENTRY ELEMENTS (KOHA)
Source of classification or shelving scheme Dewey Decimal Classification
Koha item type Hindi Books
Classification part 820.8
Call number suffix विजये
Holdings
Withdrawn status Lost status Damaged status Not for loan Home library Current library Date acquired Source of acquisition Cost, normal purchase price Total Checkouts Full call number Barcode Date last seen Copy number Cost, replacement price Price effective from Koha item type Source of classification or shelving scheme Collection code
        Central Library Central Library 05/08/2015 Cen Lib/Ret 75.00   820.8 विजये A-703056 05/08/2015 1 75.00 05/08/2015 Hindi Books    
        Shahdara Branch Shahdara Branch 29/01/2019 BPPD/PUB 75.00   820.8 विजये A-756711 29/01/2019   75.00 29/01/2019 Hindi Books Dewey Decimal Classification Non-fiction
        Shahdara Branch Shahdara Branch 20/02/2019 BPPD/PUB 75.00   820.8 विजये A-703062 20/02/2019   75.00 20/02/2019 Hindi Books Dewey Decimal Classification Non-fiction

© Delhi Public Library
Hit Counter
free hit counter